000 00422nam a2200157Ia 4500
008 151021s9999 xx 000 0 und d
020 _a70054754
050 _aHT 167.B48 1996
245 _a_Transit villages inthe 21st century
260 _aUS McGraw-Hill 1996
300 _axii,387p.
500 _aIncludes index
500 _aIncludes index
650 _a_city planning
980 _a^d20130608 03:42:49^oanne
999 _c14079
_d14079